The Political Economy of Maritime Safety (Record no. 3205)
[ view plain ]
| 000 -LEADER | |
|---|---|
| fixed length control field | 03329nam a22004095i 4500 |
| 007 - PHYSICAL DESCRIPTION FIXED FIELD--GENERAL INFORMATION | |
| fixed length control field | cr nn 008mamaa |
| 008 - FIXED-LENGTH DATA ELEMENTS--GENERAL INFORMATION | |
| fixed length control field | 230825s2023 sz | s |||| 0|eng d |
| 020 ## - INTERNATIONAL STANDARD BOOK NUMBER | |
| International Standard Book Number | 9783031389450 |
| -- | 978-3-031-38945-0 |
| 040 ## - CATALOGING SOURCE | |
| Original cataloging agency | IMU Kochi Library |
| Language of cataloging | eng |
| 041 0# - LANGUAGE CODE | |
| Language code of text/sound track or separate title | eng |
| 082 04 - DEWEY DECIMAL CLASSIFICATION NUMBER | |
| Classification number | 387.5 |
| Edition number | 23 |
| 100 1# - MAIN ENTRY--PERSONAL NAME | |
| Personal name | Djønne, Ketil. |
| 245 14 - TITLE STATEMENT | |
| Title | The Political Economy of Maritime Safety |
| Medium | [electronic resource] : |
| Sub Title | EU Regulation, Ship Classification, and the International Regime / |
| 250 ## - EDITION STATEMENT | |
| Edition statement | 1st ed. 2023. |
| 300 ## - PHYSICAL DESCRIPTION | |
| Extent | XXI, 231 p. 20 illus., 1 illus. in color. |
| Other physical details | online resource. |
| 490 1# - SERIES STATEMENT | |
| Series statement | Palgrave Studies in Maritime Economics, |
| 505 0# - FORMATTED CONTENTS NOTE | |
| Formatted contents note | 1. Introduction -- 2. Amoco Cadiz and the early days of EC maritime regulation 37 -- 3. Braer and breakthrough for EU maritime engagement and regulation -- 4. Erika, a watershed in international maritime governance 95 -- 5. Prestige and near breakdown of the safety regime -- 6. From EU-IMO confrontation to constructive institutional interaction -- 7. EU maritime safety policy and the international regime, 1975-2015. Summing-up and conclusions. |
| 520 ## - SUMMARY, ETC. | |
| Summary, etc | This book offers unique insight into the public and private governance of international shipping from the 1970s through to the 2010s. Focusing on the part played by maritime classification societies, it highlights the role played by the European Union during this time and its influence in creating transnational maritime regulations. The emergence of the Treaty of Rome and the European Parliament in enabling market liberalisation within the shipping industry on the one hand and more stringent maritime safety regulation on the other is examined, alongside the common transport policy and enforcement of international maritime rules. Particularly attention is given to the growth of the European Union's maritime presence, the establishment of the European Maritime Safety Agency, developments in flag state implementation, and relations between the International Maritime Organization and the European Union. This book presents a detailed guide to the European Union's role as a maritime safety regulator and the impact this has had on the shipping industry and its governance structure. It will be relevant to researchers and policymakers interested in maritime and transport economics as well as to students of European affairs and of international relations. Ketil Djønne has lifelong experience from the maritime industry and is a Political Scientist and Historian at the Department of Modern History and Society, Norwegian University of Science and Technology -NTNU. |
| 650 #0 - SUBJECT ADDED ENTRY--TOPICAL TERM | |
| Topical term or geographic name as entry element | Shipping. |
| 650 #0 - SUBJECT ADDED ENTRY--TOPICAL TERM | |
| Topical term or geographic name as entry element | Industrial policy. |
| 650 #0 - SUBJECT ADDED ENTRY--TOPICAL TERM | |
| Topical term or geographic name as entry element | Transportation. |
| 650 14 - SUBJECT ADDED ENTRY--TOPICAL TERM | |
| Topical term or geographic name as entry element | Maritime Economics. |
| 650 24 - SUBJECT ADDED ENTRY--TOPICAL TERM | |
| Topical term or geographic name as entry element | Regulation and Industrial Policy. |
| 650 24 - SUBJECT ADDED ENTRY--TOPICAL TERM | |
| Topical term or geographic name as entry element | Transportation Economics. |
| 830 #0 - SERIES ADDED ENTRY--UNIFORM TITLE | |
| Uniform title | Palgrave Studies in Maritime Economics, |
| 852 ## - LOCATION/CALL NUMBER | |
| Location | IMU Kochi Library |
| 856 40 - ELECTRONIC LOCATION AND ACCESS | |
| Uniform Resource Identifier | <a href="https://doi.org/10.1007/978-3-031-38945-0">https://doi.org/10.1007/978-3-031-38945-0</a> |
| 904 ## - LOCAL DATA ELEMENT D, LDD (RLIN) | |
| CATALOGER | Rudra Ranjan |
| 905 ## - LOCAL DATA ELEMENT E, LDE (RLIN) | |
| VERIFIER | Rudra Ranjan |
| 942 ## - ADDED ENTRY ELEMENTS (KOHA) | |
| Item type | E-Book |
| 264 #1 - | |
| -- | Cham : |
| -- | Springer Nature Switzerland : |
| -- | Imprint: Palgrave Macmillan, |
| -- | 2023. |
| 338 ## - | |
| -- | online resource |
| 830 #0 - SERIES ADDED ENTRY--UNIFORM TITLE | |
| -- | 2662-656X |
No items available.